| 000 | 00656nam a2200181 i 4500 | ||
|---|---|---|---|
| 001 | 44595 | ||
| 003 | ES-MaACL | ||
| 005 | 20230906161048.0 | ||
| 007 | t| | ||
| 008 | 030321s1956 ve ||||1| spa d | ||
| 245 | 0 | 0 |
_aCódigo de comercio de Venezuela según el texto oficial / _cnotas de jurisprudencia y repertorio alfabético por Luis Loreto, Francisco Carsi Zacarés, Julio Vázquez. |
| 260 |
_aCaracas : _bAndrés Bello, _c[1956] ( _eMadrid : _fOgrama) |
||
| 300 |
_a283 p. ; _c18 cm. |
||
| 700 | 1 |
_aLoreto, Luis. _974203 |
|
| 700 | 1 |
_aCarsi Zacarés, Francisco. _935856 |
|
| 700 | 1 |
_aVázquez, Julio. _9113370 |
|
| 852 |
_aES-MaACL _jC-12611 _bR.40155 |
||
| 999 |
_c44595 _d44595 |
||